| 000 | 00812nam a22002537a 4500 | ||
|---|---|---|---|
| 001 | 30496 | ||
| 003 | UA-OsUOA | ||
| 005 | 20220603102534.0 | ||
| 007 | ta | ||
| 008 | 20041110b un ||||| |||| 00| 0 ukr d | ||
| 040 |
_aUA-OsUOA _brus _cUA-OsUOA _dUA-OsUOA |
||
| 041 | _arus | ||
| 044 | _aRU | ||
| 080 | _a821:929(470+571) | ||
| 090 |
_a821:929(470+571) _bЩ34 |
||
| 100 | _aЩеголев П. Е. | ||
| 245 |
_aДуэль и смерть Пушикина: исследования и материалы _cред. Е. Ю. Гениева, Д. А. Гранин, А. М. Зверев |
||
| 260 |
_aМосква _bКнига _c1987 |
||
| 300 |
_a576 с. _bІлюстрації |
||
| 650 | 7 | _2UDC | |
| 942 |
_cBK _2udc |
||
| 955 | _a0 | ||
| 999 |
_c316908 _d316908 |
||